[Event "Bunratty Masters 2013"]
[Site "Bunratty IRL"]
[Date "2013.03.02"]
[Round "4"]
[White "Cooper, Lawrence"]
[Black "Wolferink, Frans"]
[Result "1/2-1/2"]
[WhiteTitle "IM"]
[WhiteElo "2317"]
[BlackElo "2077"]
[WhiteNationality "ENG"]
[BlackNationality "NED"]
[WhiteFideId "401536"]
[BlackFideId "1003917"]
[PlyCount "81"]
[Venue "Bunratty Castle Hotel, Bunratty, Co. Clare"]
[EventDate "2013.03.01"]

{ Event information: <a
href="https://www.irlchess.com/bunratty2013_allfiles/pairings_bunratty2013.html">Tournament
report</a>. }

1. d4 Nf6 2. c4 g6 3. Nc3 d5 4. Bf4 Bg7 5. e3 c5 6. dxc5 Qa5 7. Rc1 dxc4 8.
Bxc4 O-O 9. Ne2 Qxc5 10. Bb3 Nc6 11. O-O Qa5 12. Nd4 Bd7 13. Bg3 Rfd8 14.
Nxc6 Bxc6 15. Qe2 Rd7 16. Qc4 e6 17. Ba4 Bxa4 18. Nxa4 Qd5 19. Nc5 Qxc4 20.
Rxc4 Rd2 21. Be5 Rc8 22. Rcc1 b6 23. Nb3 Rdc2 24. Rxc2 Rxc2 25. Rc1 Rxc1+
26. Nxc1 Ne4 27. Bxg7 Kxg7 28. Kf1 Kf6 29. Ke2 Ke5 30. Nd3+ Kd5 31. Nb4+
Kc5 32. Nd3+ Kd5 33. f3 Nc5 34. Nb4+ Kd6 35. Kd2 a5 36. Nc2 Kd5 37. e4+ Kc4
38. Na3+ Kb4 39. Nc2+ Kc4 40. Ne3+ Kd4 41. Nc2+ 1/2-1/2

[Event "Bunratty Masters 2013"]
[Site "Bunratty IRL"]
[Date "2013.03.02"]
[Round "4"]
[White "Courtney, John"]
[Black "Baburin, Alexander"]
[Result "0-1"]
[BlackTitle "GM"]
[WhiteElo "2005"]
[BlackElo "2534"]
[WhiteICU "1979"]
[BlackICU "2476"]
[WhiteClub "Kilkenny"]
[BlackClub "Kilkenny"]
[WhiteNationality "IRL"]
[BlackNationality "IRL"]
[WhiteFideId "2502380"]
[BlackFideId "2500914"]
[WhiteICUId "6882"]
[BlackICUId "7085"]
[PlyCount "66"]
[Venue "Bunratty Castle Hotel, Bunratty, Co. Clare"]
[EventDate "2013.03.01"]

{ Event information: <a
href="https://www.irlchess.com/bunratty2013_allfiles/pairings_bunratty2013.html">Tournament
report</a>. }

1. d4 d5 2. c4 e6 3. Nc3 Nf6 4. cxd5 exd5 5. Bg5 c6 6. e3 Nbd7 7. Bd3 Be7
8. Qc2 O-O 9. Nge2 Re8 10. f3 Nf8 11. O-O Be6 12. Rae1 Nh5 13. Bxe7 Qxe7
14. e4 dxe4 15. fxe4 c5 16. d5 Bd7 17. Qb3 Qd6 18. Qxb7 c4 19. Bxc4 Qc5+
20. Kh1 Qxc4 21. b3 Qc5 22. Qa6 Ng6 23. Qd3 Rac8 24. Rc1 Nf6 25. h3 Qe7 26.
Qf3 Qe5 27. g4 h5 28. gxh5 Qxh5 29. Qxh5 Nxh5 30. Kh2 Ne5 31. Rcd1 g6 32.
d6 Kg7 33. Kg2 Nf6 0-1

[Event "Bunratty Masters 2013"]
[Site "Bunratty IRL"]
[Date "2013.03.02"]
[Round "4"]
[White "Fox, Anthony"]
[Black "Annesley, Gareth"]
[Result "0-1"]
[WhiteElo "2108"]
[BlackElo "1925"]
[WhiteICU "2055"]
[WhiteClub "Dun Laoghaire"]
[BlackClub "Mallusk"]
[WhiteNationality "IRL"]
[BlackNationality "IRL"]
[WhiteFideId "2500736"]
[BlackFideId "2505762"]
[WhiteICUId "456"]
[PlyCount "96"]
[Venue "Bunratty Castle Hotel, Bunratty, Co. Clare"]
[EventDate "2013.03.01"]

{ Event information: <a
href="https://www.irlchess.com/bunratty2013_allfiles/pairings_bunratty2013.html">Tournament
report</a>. }

1. e4 c5 2. Nc3 Nc6 3. g3 d6 4. Bg2 g6 5. d3 Bg7 6. Be3 Nf6 7. h3 O-O 8.
Nge2 e5 9. O-O Be6 10. f4 Nd4 11. Qd2 Nh5 12. f5 Bd7 13. g4 Nxe2+ 14. Nxe2
Nf4 15. Nxf4 exf4 16. Bxf4 Bxb2 17. Rab1 Bd4+ 18. Kh1 Bc6 19. c3 Bg7 20. d4
b6 21. Bh6 f6 22. Bf4 Re8 23. d5 Bb7 24. h4 Qd7 25. Rf2 Rad8 26. Qc2 Ba6
27. c4 b5 28. Bf1 bxc4 29. Bxc4 Bxc4 30. Qxc4 Rb8 31. Rfb2 Rxb2 32. Rxb2 g5
33. Bg3 gxh4 34. Bxh4 Qe7 35. Bg3 Bh6 36. Re2 Rb8 37. Qa6 Bf8 38. Kg2 Qd7
39. Bf4 Rb6 40. Qa3 Qb5 41. Kf3 a5 42. Bd2 a4 43. Bc3 Qd3+ 44. Kf2 Rb1 45.
Bb2 Qd1 46. Qg3 Qf1+ 47. Ke3 Bh6+ 48. Kd3 Rxb2 0-1

[Event "Bunratty Masters 2013"]
[Site "Bunratty IRL"]
[Date "2013.03.02"]
[Round "4"]
[White "O'Connor, Jonathan"]
[Black "Murray, David B."]
[Result "1-0"]
[WhiteElo "2124"]
[BlackElo "2141"]
[WhiteICU "2088"]
[BlackICU "2083"]
[WhiteClub "Dublin"]
[BlackClub "Gonzaga"]
[WhiteNationality "IRL"]
[BlackNationality "IRL"]
[WhiteFideId "2501112"]
[BlackFideId "2501511"]
[WhiteICUId "1243"]
[BlackICUId "4941"]
[PlyCount "65"]
[Venue "Bunratty Castle Hotel, Bunratty, Co. Clare"]
[EventDate "2013.03.01"]

{ Event information: <a
href="https://www.irlchess.com/bunratty2013_allfiles/pairings_bunratty2013.html">Tournament
report</a>. }

1. d4 Nf6 2. c4 e6 3. Nc3 Bb4 4. e3 b6 5. Ne2 Bb7 6. a3 Bxc3+ 7. Nxc3 Ne4
8. Nxe4 Bxe4 9. f3 Bb7 10. Bd3 d6 11. O-O Nd7 12. e4 c5 13. d5 e5 14. f4
Qe7 15. f5 O-O-O 16. b4 Kc7 17. Be3 f6 18. Qd2 Ra8 19. Rfb1 Rhb8 20. a4 a5
21. bxa5 Rxa5 22. Qc2 Rba8 23. Bd2 R5a6 24. Qb3 R8a7 25. Bc2 Qd8 26. a5 Qa8
27. Qg3 Qf8 28. Ba4 Ra8 29. Bb5 R6a7 30. Qb3 bxa5 31. Bxd7 Kxd7 32. Rxa5
Qd8 33. Qa4+ 1-0

[Event "Bunratty Masters 2013"]
[Site "Bunratty IRL"]
[Date "2013.03.02"]
[Round "4"]
[White "O'Donnell, Conor"]
[Black "Moran, Stephen"]
[Result "0-1"]
[WhiteElo "1970"]
[BlackElo "2019"]
[WhiteICU "2065"]
[BlackICU "1970"]
[WhiteClub "Gonzaga"]
[BlackClub "T.C.D."]
[WhiteNationality "IRL"]
[BlackNationality "IRL"]
[WhiteFideId "2504243"]
[BlackFideId "2501872"]
[WhiteICUId "10792"]
[BlackICUId "5388"]
[PlyCount "58"]
[Venue "Bunratty Castle Hotel, Bunratty, Co. Clare"]
[EventDate "2013.03.01"]

{ Event information: <a
href="https://www.irlchess.com/bunratty2013_allfiles/pairings_bunratty2013.html">Tournament
report</a>. }

1. f4 Nf6 2. Nf3 d5 3. e3 g6 4. Be2 Bg7 5. O-O O-O 6. d3 b6 7. a4 c5 8. c3
Bb7 9. Na3 Nbd7 10. Bd2 Qc7 11. b4 e5 12. fxe5 Nxe5 13. Rb1 Nfg4 14. Nxe5
Nxe5 15. Qb3 c4 16. Qc2 cxd3 17. Bxd3 Ng4 18. g3 Qe5 19. Rfe1 Qh5 20. Bc1
Rac8 21. Bb2 Bxc3 22. Re2 Bxb2 23. Qxb2 Ne5 24. Rd1 d4 25. e4 Rc3 26. Red2
Qf3 27. Bf1 Qe3+ 28. Rf2 Rxa3 29. Qxd4 Nf3+ 0-1

[Event "Bunratty Masters 2013"]
[Site "Bunratty IRL"]
[Date "2013.03.02"]
[Round "4"]
[White "Pearson, Ray"]
[Black "Fehr, Jukka"]
[Result "1/2-1/2"]
[WhiteElo "1926"]
[BlackElo "1973"]
[WhiteNationality "WLS"]
[BlackNationality "FIN"]
[WhiteFideId "1803018"]
[BlackFideId "4674693"]
[PlyCount "99"]
[Venue "Bunratty Castle Hotel, Bunratty, Co. Clare"]
[EventDate "2013.03.01"]

{ Event information: <a
href="https://www.irlchess.com/bunratty2013_allfiles/pairings_bunratty2013.html">Tournament
report</a>. }

1. e4 e6 2. d4 d5 3. Nd2 c5 4. exd5 Qxd5 5. Ngf3 cxd4 6. Bc4 Qd6 7. O-O Nc6
8. Nb3 Qc7 9. Nbxd4 a6 10. Nxc6 bxc6 11. Qe2 Be7 12. Ne5 Nf6 13. Bf4 Qb6
14. Rfe1 O-O 15. Bg5 Kh8 16. Qf3 Ra7 17. Qxc6 Qxc6 18. Nxc6 Rc7 19. Nxe7
Rxc4 20. Nxc8 Rfxc8 21. Bxf6 gxf6 22. c3 Rb8 23. Rab1 a5 24. g3 a4 25. a3
Kg7 26. Kg2 f5 27. Kf3 Kf6 28. Ke3 e5 29. Kd3 Rbc8 30. Rbd1 h5 31. Kc2 R8c5
32. Rd6+ Kg5 33. Rxe5 Rxe5 34. f4+ Rxf4 35. gxf4+ Kxf4 36. Rd2 Kf3 37. b4
axb3+ 38. Kxb3 f4 39. c4 Ke3 40. Rd5 f6 41. Rxe5+ fxe5 42. c5 f3 43. c6 f2
44. c7 f1=Q 45. c8=Q Qb1+ 46. Ka4 Kd2 47. Qd8+ Qd3 48. Qg5+ Kc2 49. Qxe5
Qb3+ 50. Ka5 1/2-1/2

[Event "Bunratty Masters 2013"]
[Site "Bunratty IRL"]
[Date "2013.03.02"]
[Round "4"]
[White "Pein, Malcolm"]
[Black "Bates, Richard"]
[Result "0-1"]
[WhiteTitle "IM"]
[BlackTitle "IM"]
[WhiteElo "2378"]
[BlackElo "2377"]
[WhiteNationality "ENG"]
[BlackNationality "ENG"]
[WhiteFideId "400289"]
[BlackFideId "403555"]
[PlyCount "87"]
[Venue "Bunratty Castle Hotel, Bunratty, Co. Clare"]
[EventDate "2013.03.01"]

{ Event information: <a
href="https://www.irlchess.com/bunratty2013_allfiles/pairings_bunratty2013.html">Tournament
report</a>. }

1. Nf3 Nf6 2. c4 g6 3. Nc3 Bg7 4. g3 O-O 5. Bg2 d6 6. O-O c6 7. d4 Qa5 8.
e4 e5 9. d5 cxd5 10. cxd5 b5 11. Nd2 b4 12. Ne2 Ba6 13. a3 Bd3 14. Re1 Rc8
15. Qb3 Qa6 16. axb4 Qxa1 17. Qxd3 Qa4 18. Qb3 Qxb3 19. Nxb3 Rc4 20. Bd2
Nxe4 21. Bxe4 Rxe4 22. Na5 Na6 23. f3 Rxb4 24. Bxb4 Nxb4 25. Rd1 Rc8 26.
Nc3 Bf8 27. Ra1 Nc2 28. Ra4 Rb8 29. Ra2 Nd4 30. Nc6 Rb6 31. Nxa7 Nxf3+ 32.
Kf2 Nd4 33. Ne4 f5 34. Nc8 Rb3 35. Nf6+ Kg7 36. Ne8+ Kh6 37. Ra7 e4 38.
Ncxd6 Bxd6 39. Nxd6 e3+ 40. Kg2 Rxb2+ 41. Kh3 Nf3 42. Nf7+ Kh5 43. g4+
fxg4+ 44. Kg3 0-1

[Event "Bunratty Masters 2013"]
[Site "Bunratty IRL"]
[Date "2013.03.02"]
[Round "4"]
[White "Steil-Antoni, Fiona"]
[Black "Murchadha, Oissine"]
[Result "1-0"]
[WhiteTitle "WIM"]
[WhiteElo "2152"]
[BlackElo "1855"]
[BlackICU "1935"]
[BlackClub "Galway"]
[WhiteNationality "LUX"]
[BlackNationality "IRL"]
[WhiteFideId "4001249"]
[BlackFideId "2503603"]
[BlackICUId "6722"]
[PlyCount "103"]
[Venue "Bunratty Castle Hotel, Bunratty, Co. Clare"]
[EventDate "2013.03.01"]

{ Event information: <a
href="https://www.irlchess.com/bunratty2013_allfiles/pairings_bunratty2013.html">Tournament
report</a>. }

1. e4 c5 2. Nc3 d6 3. f4 g6 4. Nf3 Bg7 5. Bc4 Nc6 6. d3 e6 7. O-O Nge7 8.
Qe1 h6 9. Qh4 Na5 10. Bb5+ Bd7 11. Bxd7+ Qxd7 12. Be3 Nac6 13. Rad1 Rc8 14.
d4 cxd4 15. Nxd4 Nxd4 16. Bxd4 Bxd4+ 17. Rxd4 Nc6 18. Rd2 Na5 19. Qf6 Rg8
20. f5 Nc4 21. fxe6 Qxe6 22. Rd4 Qxf6 23. Rxf6 Nxb2 24. Nb5 Ke7 25. Rfxd6
Rxc2 26. Rd7+ Kf6 27. Rxb7 Rgc8 28. Rd6+ Kg7 29. Rdd7 Rc1+ 30. Kf2 R8c2+
31. Kg3 Rf1 32. Nd6 Rc3+ 33. Kg4 Nd3 34. Rxf7+ Rxf7 35. Rxf7+ Kg8 36. Rxa7
Rc2 37. g3 Rxh2 38. a4 Rf2 39. a5 Ne5+ 40. Kh3 g5 41. g4 Rf3+ 42. Kg2 Rf4
43. a6 Rxg4+ 44. Kf2 Rf4+ 45. Ke2 Nc6 46. Rc7 Nd4+ 47. Ke3 Ne6 48. Re7 g4
49. Rxe6 Rf3+ 50. Ke2 Ra3 51. Nb5 Ra5 52. a7 1-0

[Event "Bunratty Masters 2013"]
[Site "Bunratty IRL"]
[Date "2013.03.02"]
[Round "4"]
[White "Thee, Bernd"]
[Black "Keogh, Eamon"]
[Result "1/2-1/2"]
[BlackTitle "NM"]
[WhiteElo "2096"]
[BlackElo "1995"]
[WhiteICU "1763"]
[BlackICU "1873"]
[WhiteClub "Adare"]
[BlackClub "Kilkenny"]
[WhiteNationality "IRL"]
[BlackNationality "IRL"]
[WhiteFideId "2505630"]
[BlackFideId "2500264"]
[WhiteICUId "2823"]
[BlackICUId "731"]
[PlyCount "77"]
[Venue "Bunratty Castle Hotel, Bunratty, Co. Clare"]
[EventDate "2013.03.01"]

{ Event information: <a
href="https://www.irlchess.com/bunratty2013_allfiles/pairings_bunratty2013.html">Tournament
report</a>. }

1. e4 c6 2. d4 d5 3. Nc3 dxe4 4. Nxe4 Bf5 5. Bd3 e6 6. Nf3 Nd7 7. Bg5 Qa5+
8. c3 Bxe4 9. Bxe4 Ngf6 10. Bc2 Bd6 11. O-O h6 12. Bh4 Qh5 13. Re1 Ng4 14.
Bg3 Bxg3 15. fxg3 O-O 16. Qd3 g6 17. h3 Ngf6 18. Ne5 Rad8 19. Re3 Nxe5 20.
Rxe5 Qxe5 21. dxe5 Rxd3 22. Bxd3 Rd8 23. Bxg6 fxg6 24. exf6 Rd2 25. b3 Kf7
26. g4 Kxf6 27. Rf1+ Ke7 28. Rf2 Rxf2 29. Kxf2 Kf6 30. Kf3 Ke5 31. Ke3 b5
32. g3 Kd5 33. Kd3 e5 34. Ke3 g5 35. Kd3 e4+ 36. Ke3 a5 37. a3 c5 38. h4 a4
39. b4 1/2-1/2

[Event "Bunratty Masters 2013"]
[Site "Bunratty IRL"]
[Date "2013.03.02"]
[Round "4"]
[White "Van der Zwet, Bart"]
[Black "Orr, Mark J. L."]
[Result "1/2-1/2"]
[BlackTitle "IM"]
[WhiteElo "2085"]
[BlackElo "2240"]
[BlackClub "Wandering Dragons SCO"]
[WhiteNationality "NED"]
[BlackNationality "IRL"]
[WhiteFideId "1004204"]
[BlackFideId "2500035"]
[PlyCount "105"]
[Venue "Bunratty Castle Hotel, Bunratty, Co. Clare"]
[EventDate "2013.03.01"]
[WhiteFullName "van der Zwet, Bart"]

{ Event information: <a
href="https://www.irlchess.com/bunratty2013_allfiles/pairings_bunratty2013.html">Tournament
report</a>. }

1. d4 Nf6 2. c4 e6 3. Nc3 c5 4. Nf3 cxd4 5. Nxd4 a6 6. e3 Be7 7. Be2 O-O 8.
O-O Qc7 9. b3 b6 10. Bb2 Bb7 11. Bf3 d6 12. Bxb7 Qxb7 13. Qf3 Qxf3 14. Nxf3
Nbd7 15. Rfd1 Rfc8 16. Kf1 Rc7 17. Ke2 Rac8 18. Rac1 Kf8 19. h3 Nc5 20. Nd2
Ne8 21. Nde4 Nxe4 22. Nxe4 f5 23. Nd2 Kf7 24. f4 Nf6 25. Kf3 b5 26. cxb5
axb5 27. Rxc7 Rxc7 28. Rc1 Ra7 29. Ra1 b4 30. a4 bxa3 31. Bxa3 d5 32. Bb2
Rb7 33. Bxf6 Kxf6 34. Ke2 Bb4 35. Nf3 Bc3 36. Ra6 h6 37. Kd3 Rc7 38. Ra2
Bb4 39. Rc2 Rxc2 40. Kxc2 g5 41. Ne5 Bd6 42. Nd3 g4 43. h4 Kg6 44. g3 h5
45. Kc3 Kf7 46. Kd4 Ke7 47. b4 Bb8 48. Ne5 Ba7+ 49. Kd3 Kd6 50. Ng6 Bb6 51.
Ne5 Ba7 52. Ng6 Bb6 53. Ne5 1/2-1/2

[Event "Bunratty Masters 2013"]
[Site "Bunratty IRL"]
[Date "2013.03.02"]
[Round "4"]
[White "Wells, Peter K."]
[Black "Menzies, Colin"]
[Result "1-0"]
[WhiteTitle "GM"]
[WhiteElo "2491"]
[BlackElo "2128"]
[WhiteNationality "ENG"]
[BlackNationality "IRL"]
[WhiteFideId "400327"]
[BlackFideId "2502755"]
[PlyCount "63"]
[Venue "Bunratty Castle Hotel, Bunratty, Co. Clare"]
[EventDate "2013.03.01"]

{ Event information: <a
href="https://www.irlchess.com/bunratty2013_allfiles/pairings_bunratty2013.html">Tournament
report</a>. }

1. Nf3 Nf6 2. c4 b6 3. Nc3 Bb7 4. d4 e6 5. a3 d5 6. cxd5 Nxd5 7. Bd2 Be7 8.
Qc2 O-O 9. e4 Nxc3 10. Bxc3 c5 11. dxc5 Bxc5 12. Bd3 Nc6 13. e5 h6 14. Rd1
Qc7 15. b4 Be7 16. O-O Rac8 17. Rc1 Rfd8 18. Qe2 Bf8 19. Bb2 Qb8 20. Bb1
Ne7 21. Nd4 Rxc1 22. Rxc1 Nd5 23. Qd3 g6 24. Nxe6 Rc8 25. Rd1 b5 26. Nxf8
Rxf8 27. Qd4 Kh7 28. e6 f6 29. Be4 Rd8 30. Bxg6+ Kxg6 31. Qg4+ Kh7 32. Qf5+
1-0

[Event "Bunratty Masters 2013"]
[Site "Bunratty IRL"]
[Date "2013.03.03"]
[Round "5"]
[White "Baburin, Alexander"]
[Black "O'Connor, Jonathan"]
[Result "1-0"]
[WhiteTitle "GM"]
[WhiteElo "2534"]
[BlackElo "2124"]
[WhiteICU "2476"]
[BlackICU "2088"]
[WhiteClub "Kilkenny"]
[BlackClub "Dublin"]
[WhiteNationality "IRL"]
[BlackNationality "IRL"]
[WhiteFideId "2500914"]
[BlackFideId "2501112"]
[WhiteICUId "7085"]
[BlackICUId "1243"]
[PlyCount "33"]
[Venue "Bunratty Castle Hotel, Bunratty, Co. Clare"]
[EventDate "2013.03.01"]

{ Event information: <a
href="https://www.irlchess.com/bunratty2013_allfiles/pairings_bunratty2013.html">Tournament
report</a>. }

1. d4 Nf6 2. Nf3 g6 3. g3 Bg7 4. Bg2 O-O 5. c4 d6 6. O-O c5 7. dxc5 dxc5 8.
Qxd8 Rxd8 9. Ne5 Nfd7 10. Nd3 Nc6 11. Bxc6 bxc6 12. Na3 Ne5 13. Nxc5 Bh3
14. Re1 Rab8 15. Nb3 Rb4 16. Bg5 Rd7 17. Rad1 1-0

[Event "Bunratty Masters 2013"]
[Site "Bunratty IRL"]
[Date "2013.03.03"]
[Round "5"]
[White "Bourached, Anthony"]
[Black "Gonzalez Gonzalez, Alfonso"]
[Result "1/2-1/2"]
[WhiteElo "1858"]
[BlackElo "2117"]
[WhiteICU "1903"]
[WhiteClub "T.C.D."]
[WhiteNationality "IRL"]
[BlackNationality "ESP"]
[WhiteFideId "2504456"]
[BlackFideId "2223007"]
[WhiteICUId "12061"]
[PlyCount "70"]
[Venue "Bunratty Castle Hotel, Bunratty, Co. Clare"]
[EventDate "2013.03.01"]
[BlackFullName "Gonz&aacute;lez Gonz&aacute;lez, Alfonso"]

{ Event information: <a
href="https://www.irlchess.com/bunratty2013_allfiles/pairings_bunratty2013.html">Tournament
report</a>. }

1. d4 d5 2. c4 e5 3. dxe5 d4 4. Nf3 Nc6 5. a3 Be6 6. Nbd2 Qd7 7. b4 Nge7 8.
Bb2 Ng6 9. Rc1 O-O-O 10. b5 Ncxe5 11. Nxd4 Bxa3 12. Bxa3 Qxd4 13. e3 Qb6
14. Qc2 Rd7 15. Nb3 Bg4 16. c5 Qf6 17. c6 bxc6 18. bxc6 Qxc6 19. Qxc6 Nxc6
20. Ba6+ Kd8 21. Bb5 Nce5 22. Nc5 Rd5 23. f3 c6 24. Be2 Bc8 25. Kf2 h5 26.
Bb4 Rh6 27. Ra1 a6 28. Ra3 Ke8 29. Nxa6 Bxa6 30. Bxa6 Ne7 31. Rc1 Rd7 32.
Be2 Re6 33. Rca1 f5 34. h3 g6 35. f4 Nf7 1/2-1/2

[Event "Bunratty Masters 2013"]
[Site "Bunratty IRL"]
[Date "2013.03.03"]
[Round "5"]
[White "Cooper, Lawrence"]
[Black "Wells, Peter K."]
[Result "0-1"]
[WhiteTitle "IM"]
[BlackTitle "GM"]
[WhiteElo "2317"]
[BlackElo "2491"]
[WhiteNationality "ENG"]
[BlackNationality "ENG"]
[WhiteFideId "401536"]
[BlackFideId "400327"]
[PlyCount "66"]
[Venue "Bunratty Castle Hotel, Bunratty, Co. Clare"]
[EventDate "2013.03.01"]

{ Event information: <a
href="https://www.irlchess.com/bunratty2013_allfiles/pairings_bunratty2013.html">Tournament
report</a>. }

1. d4 Nf6 2. c4 e6 3. Nf3 d5 4. Nc3 dxc4 5. e3 a6 6. Bxc4 c5 7. O-O b5 8.
Bb3 Bb7 9. Qe2 Nbd7 10. Rd1 Qb8 11. d5 exd5 12. Nxd5 Nxd5 13. Bxd5 Bxd5 14.
Rxd5 Be7 15. e4 Nb6 16. Re5 Qb7 17. Bf4 O-O 18. Rh5 Rfe8 19. Re1 Rad8 20.
Bg5 Bxg5 21. Rxg5 Nd5 22. Qc2 Nf4 23. Qc3 g6 24. e5 Rd3 25. Qc1 Rxf3 26.
gxf3 Qxf3 27. Rg3 Ne2+ 28. Rxe2 Qxe2 29. Re3 Qg4+ 30. Kf1 Rd8 31. Qxc5 Rd1+
32. Re1 Qh3+ 33. Ke2 Qd3# 0-1

[Event "Bunratty Masters 2013"]
[Site "Bunratty IRL"]
[Date "2013.03.03"]
[Round "5"]
[White "Doyle, Hugh"]
[Black "Murray, David B."]
[Result "0-1"]
[WhiteElo "1920"]
[BlackElo "2141"]
[WhiteICU "1996"]
[BlackICU "2083"]
[WhiteClub "Cork"]
[BlackClub "Gonzaga"]
[WhiteNationality "IRL"]
[BlackNationality "IRL"]
[WhiteFideId "2500876"]
[BlackFideId "2501511"]
[WhiteICUId "10145"]
[BlackICUId "4941"]
[PlyCount "49"]
[Venue "Bunratty Castle Hotel, Bunratty, Co. Clare"]
[EventDate "2013.03.01"]

{ Event information: <a
href="https://www.irlchess.com/bunratty2013_allfiles/pairings_bunratty2013.html">Tournament
report</a>. }

1. c4 e5 2. g3 Nc6 3. Nc3 f5 4. Nf3 Nf6 5. d4 e4 6. Nh4 g6 7. Bg5 Be7 8. e3
Kf7 9. Ng2 h6 10. Bxf6 Bxf6 11. g4 d6 12. Nf4 Re8 13. Bh3 Bg5 14. Nfd5 fxg4
15. Bxg4 Ne7 16. Nxe7 Qxe7 17. Nd5 Qd8 18. Bxc8 Rxc8 19. Qg4 c6 20. Nc3 d5
21. cxd5 cxd5 22. h4 Bf6 23. h5 Bg5 24. O-O-O Rc6 25. hxg6+ { ... } 0-1

[Event "Bunratty Masters 2013"]
[Site "Bunratty IRL"]
[Date "2013.03.03"]
[Round "5"]
[White "Fehr, Jukka"]
[Black "O'Donnell, Conor"]
[Result "0-1"]
[WhiteElo "1973"]
[BlackElo "1970"]
[BlackICU "2065"]
[BlackClub "Gonzaga"]
[WhiteNationality "FIN"]
[BlackNationality "IRL"]
[WhiteFideId "4674693"]
[BlackFideId "2504243"]
[BlackICUId "10792"]
[PlyCount "100"]
[Venue "Bunratty Castle Hotel, Bunratty, Co. Clare"]
[EventDate "2013.03.01"]

{ Event information: <a
href="https://www.irlchess.com/bunratty2013_allfiles/pairings_bunratty2013.html">Tournament
report</a>. }

1. d4 f5 2. Nf3 Nf6 3. g3 e6 4. Bg2 Be7 5. c4 O-O 6. Nc3 d6 7. O-O Ne4 8.
Qc2 Nxc3 9. bxc3 Nc6 10. Ba3 e5 11. c5 e4 12. cxd6 cxd6 13. Ne1 d5 14. Bxe7
Qxe7 15. f3 Be6 16. Bh3 Rfc8 17. fxe4 fxe4 18. Bxe6+ Qxe6 19. Qb2 Rc7 20.
Ng2 Na5 21. Ne3 b6 22. Rf4 Nc4 23. Nxc4 Rxc4 24. Raf1 Qd6 25. Rf7 Rc7 26.
R7f5 Rac8 27. Qb5 Rd8 28. Re5 Re7 29. Ref5 Qd7 30. Qb3 g6 31. Rf6 Kg7 32.
Kg2 Re6 33. R6f4 Rc6 34. Qa3 Rc7 35. Rf8 Qd6 36. Qxd6 Rxd6 37. Kh3 Rdd7 38.
Ra8 Rxc3 39. Rff8 Ra3 40. Rg8+ Kf6 41. Rgf8+ Rf7 42. Rfd8 Rxa2 43. Rxd5
Rxe2 44. Re5 Rd7 45. Rf8+ Kg7 46. Rfe8 a5 47. Rxe4 Rxe4 48. Rxe4 a4 49. d5
b5 50. Rd4 Kf6 0-1

[Event "Bunratty Masters 2013"]
[Site "Bunratty IRL"]
[Date "2013.03.03"]
[Round "5"]
[White "Keogh, Eamon"]
[Black "Fox, Anthony"]
[Result "1/2-1/2"]
[WhiteTitle "NM"]
[WhiteElo "1995"]
[BlackElo "2108"]
[WhiteICU "1873"]
[BlackICU "2055"]
[WhiteClub "Kilkenny"]
[BlackClub "Dun Laoghaire"]
[WhiteNationality "IRL"]
[BlackNationality "IRL"]
[WhiteFideId "2500264"]
[BlackFideId "2500736"]
[WhiteICUId "731"]
[BlackICUId "456"]
[PlyCount "59"]
[Venue "Bunratty Castle Hotel, Bunratty, Co. Clare"]
[EventDate "2013.03.01"]

{ Event information: <a
href="https://www.irlchess.com/bunratty2013_allfiles/pairings_bunratty2013.html">Tournament
report</a>. }

1. f4 d5 2. Nf3 g6 3. e3 Bg7 4. d4 Nf6 5. Bd3 O-O 6. O-O Nbd7 7. Qe1 c5 8.
c3 b6 9. Nbd2 Bb7 10. Ne5 e6 11. b3 Rc8 12. Ba3 Ne4 13. Rc1 Nxe5 14. fxe5
Nxd2 15. Qxd2 f6 16. exf6 Rxf6 17. Rxf6 Qxf6 18. Rf1 Qe7 19. Qe2 Rf8 20.
Rxf8+ Bxf8 21. e4 dxe4 22. Bxe4 Bxe4 23. Qxe4 Qf6 24. dxc5 bxc5 25. Qf3 Qe5
26. Bb2 Bd6 27. g3 Qe1+ 28. Kg2 Qd2+ 29. Qf2 Qd5+ 30. Qf3 1/2-1/2